Révisions 450 nouveaux exercices
Gardado en:
| Autor Principal: | |
|---|---|
| Formato: | Libro |
| Idioma: | Undetermined |
| Publicado: |
Paris
CLE International
2005
|
| Những chủ đề: | |
| Các nhãn: |
Engadir etiqueta
Sen Etiquetas, Sexa o primeiro en etiquetar este rexistro!
|
| Thư viện lưu trữ: | Trung tâm Học liệu Trường Đại học Cần Thơ |
|---|
| LEADER | 00534nam a2200205Ia 4500 | ||
|---|---|---|---|
| 001 | CTU_134286 | ||
| 008 | 210402s9999 xx 000 0 und d | ||
| 020 | |c 228000 | ||
| 082 | |a 428.24 | ||
| 082 | |b H888/B.1 | ||
| 100 | |a Huet, Célyne | ||
| 245 | 0 | |a Révisions 450 nouveaux exercices | |
| 245 | 0 | |c Célyne Huet | |
| 260 | |a Paris | ||
| 260 | |b CLE International | ||
| 260 | |c 2005 | ||
| 650 | |a French language | ||
| 650 | |x Study and teaching | ||
| 904 | |i Giang | ||
| 980 | |a Trung tâm Học liệu Trường Đại học Cần Thơ | ||